| 000 | 01137nam a22003017a 4500 | ||
|---|---|---|---|
| 001 | 9827 | ||
| 003 | FISKH | ||
| 005 | 20260303093754.0 | ||
| 008 | 260303b cb ||||| |||| 00| 0 eng d | ||
| 020 | _a9780545111638 | ||
| 040 |
_aFISKH _beng _cFISKH _dFISKH |
||
| 050 | _aPZ7 .M47826 .Y | ||
| 082 | _a823.92 | ||
| 100 | _aMcBratney , Sam | ||
| 245 |
_aYes we can ! / _cBy Sam McBratney : Illustrated by Charles Fuge |
||
| 250 | _aFirst Scholastic printing , September 2008 | ||
| 260 |
_aNew York : _bScholastic , _c2006. |
||
| 300 |
_a32 unnumbered pages : _bcolor illustratiions ; _c27 cm . |
||
| 505 | _aG | ||
| 520 | _aLittle Roo and his friends usually have a great time playing together, but not today. They are too busy making fun of each other. When everyone is left in bad moods, Little Roo's wise mother comes up with an idea that might make the threesome make amends. | ||
| 521 | 8 |
_a400
_bLexile BR |
|
| 521 | 8 |
_aG
_bRaz-Plus |
|
| 650 |
_aSelf-esteem _vChildren's Book |
||
| 650 |
_aTeamwork _vChildren's Book |
||
| 700 |
_aFuge , Charles _eIllustrator |
||
| 942 |
_2ddc _cBK _n0 |
||
| 999 |
_c9827 _d9827 |
||